000 00797nas a2200265 4500
001 BR9600277
003 BR-BrBNA
005 20231205094649.0
007 ta
008 230509b bl.|||p| |||| 00| 00por d
040 _aBR-BrBNA
_bpor
_cBiblioteca Nacional de Agricultura
041 _a(Pt)
072 _aJ11
100 1 _aZarate, N.A.H.
100 1 _aVieira, M. do C.
100 1 _aRibeiro, R.A.
245 1 _aPerdas de peso pos-colheita de rizomas e de tuberculos de cara (Dioscorea sp)em Dourados - MS
650 _aInhame
650 _aPerda de Peso
650 _aPerda Pos-Colheita
650 _aMato Grosso do Sul
773 0 _tSOB Informa (Brazil)
_xISSN 0101-9821
_g(1995), v. 14(1-2) p. 22-23
_wBR9600277
909 _a202311
_bLúcia
_c55
_dLúcia Elande
942 _2AGRIS
_n0
_cANA
999 _c145977
_d145977